Zlí a zatracení /
Byli nuceni se rozdělit, přesto se odmítají vzdát. Pokud se mají znovu shledat, bude hořet celý kontinent. Druhý díl napínavé romantasy trilogie Temné dědictví mistrně kombinuje politické intriky a romantické pletky mezi nepřáteli.
Uloženo v:
| Série: | Temné dědictví (R. Robinson),
část 2 |
|---|---|
| Hlavní autor: | |
| Další autoři: | |
| Médium: | Kniha |
| Jazyk: | Czech |
| Vydáno: |
V Brně :
Jota,
2026
|
| Vydání: | První vydání |
| Témata: | |
| Celkem bylo vypůjčeno: | 0x |
| Příbuzné jednotky: | Z cyklu::
Temné dědictví (R. Robinson) |
| Tagy: |
Žádné tagy |
| LEADER | 02936nam a2200517 i 4500 | ||
|---|---|---|---|
| 001 | 106716 | ||
| 003 | CZ PrNK | ||
| 005 | 20260701145718.0 | ||
| 007 | ta | ||
| 008 | 260518s2026 xr d 000 f cze | ||
| 015 | |a cnb003758986 | ||
| 020 | |a 9788076897984 |q (brožováno) | ||
| 040 | |a ABG001 |b cze |e rda | ||
| 041 | 1 | |a cze |h eng | |
| 072 | 7 | |a 821.111(73)-3 |x Americká próza |2 Konspekt |9 25 | |
| 072 | 7 | |a 821-93 |x Literatura pro děti a mládež (beletrie) |2 Konspekt |9 26 | |
| 080 | |a 821.111(73)-31 |2 MRF | ||
| 080 | |a 821-93-053.67 |2 MRF | ||
| 080 | |a 821-93 |2 MRF | ||
| 080 | |a (0:82-312.9) |2 MRF | ||
| 100 | 1 | |a Robinson, Rebecca, |d 1995- |7 xx0334505 |4 aut |9 117560 | |
| 240 | 1 | 0 | |a Wicked and the damned. |l Česky |
| 245 | 1 | 0 | |a Zlí a zatracení / |c Rebecca Robinsonová ; překlad Růžena Svobodová |
| 250 | |a První vydání | ||
| 264 | 1 | |a V Brně : |b Jota, |c 2026 | |
| 300 | |a 407 stran ; |c 21 cm | ||
| 336 | |a text |b txt |2 rdacontent | ||
| 337 | |a bez média |b n |2 rdamedia | ||
| 338 | |a svazek |b nc |2 rdacarrier | ||
| 500 | |a Přeloženo z angličtiny | ||
| 520 | 2 | |a Byli nuceni se rozdělit, přesto se odmítají vzdát. Pokud se mají znovu shledat, bude hořet celý kontinent. Druhý díl napínavé romantasy trilogie Temné dědictví mistrně kombinuje politické intriky a romantické pletky mezi nepřáteli. |b Vaasu vytrhli z náruče jejího manžela Reida a v řetězech odvedli zpět do její vlasti, kde již není vládkyní, ale pouhou figurkou na politické šachovnici. Nyní ji má v hrsti Ozik - mazaný čaroděj Zetyrova řádu, jenž ovládá její magii. Ozik se snaží prosadit jako šedá eminence asteryjského trůnu a Vaasa je nucena sehrát v jeho hře svou roli. Mezitím na druhém konci kontinentu Reidovi dochází s politikařením trpělivost. Vytáhnout do války však není nikdy jednoduché a proti icrurijské byrokracii ani zuřivost vojáka nic nezmůže. Jelikož Reidovi ubývají spojenci a čas neúprosně běží, možná nebude mít jinou možnost, než aby sám pronikl do Asterye, osobně našel svoji milovanou a přivedl ji domů. Nakladatelská anotace. Kráceno. | |
| 655 | 7 | |a americké romány |7 fd131796 |2 czenas |9 53403 | |
| 655 | 7 | |a fantasy romány |7 fd184199 |2 czenas |9 54250 | |
| 655 | 7 | |a literatura young adult |7 fd1185572 |2 czenas |9 114939 | |
| 655 | 7 | |a publikace pro mládež |7 fd133157 |2 czenas |9 110 | |
| 655 | 9 | |a American fiction |2 eczenas | |
| 655 | 9 | |a fantasy novels |2 eczenas | |
| 655 | 9 | |a young adult literature |2 eczenas | |
| 655 | 9 | |a juvenile literature |2 eczenas | |
| 700 | 1 | |a Svobodová, Růžena, |d 1992- |7 xx0276332 |4 trl |9 114132 | |
| 710 | 2 | |a Nakladatelství Jota |7 kn20120920011 |4 pbl |9 117217 | |
| 787 | 0 | 8 | |i Z cyklu: |t Temné dědictví (R. Robinson) |g 2 |
| 910 | |a UOG502 | ||
| 942 | |2 ddc |c KN | ||
| 999 | |d 106716 | ||
| 993 | |0 0 |1 421180107444 |2 ddc |4 0 |7 0 |9 100222 |b 0 |c 107444 |d 2026-07-01 |e 0 |f DOSP |h 498.00 |i Koupě |l DOSP |r 2026-07-02 |t 6 |w 2026-07-01 |y KN |z BELETM |n | ||